LIBRARY & INFORMATION CENTRE, KCAET, TAVANUR

ONLINE PUBLIC ACCESS CATALOGUE (OPAC)

Objective Agriculture Science: R Gupta's (Record no. 14148)

MARC details
000 -LEADER
fixed length control field 00312nam a22001217a 4500
020 ## - INTERNATIONAL STANDARD BOOK NUMBER
ISBN 9788178128603
082 ## - DEWEY DECIMAL CLASSIFICATION NUMBER
Classification number 630
Item number BIR/OB
100 ## - MAIN ENTRY--AUTHOR NAME
Personal name Birendra Bahadur Singh
245 ## - TITLE STATEMENT
Title Objective Agriculture Science: R Gupta's
260 ## - PUBLICATION, DISTRIBUTION, ETC. (IMPRINT)
Place of publication New Delhi
Name of publisher Remesh Publishing House
Year of publication 2011
300 ## - PHYSICAL DESCRIPTION
Number of Pages 260
942 ## - ADDED ENTRY ELEMENTS (KOHA)
Koha item type Books
Holdings
Withdrawn status Lost status Damaged status Home library Current library Date acquired Full call number Accession Number Koha item type
      KAUAET KAUAET 26/08/2022 630 BIR/OB 24090 Books
free website counter